Imagología del bueno y del mal salvaje
Gardado en:
| Autor Principal: | |
|---|---|
| Formato: | Libro |
| Idioma: | Lingua castelá |
| Publicado: |
Ciudad de México
Universidad Nacional Autónoma de México
1987
|
| Edición: | 1a. ed |
| Subjects: | |
| Tags: |
Engadir etiqueta
Sen Etiquetas, Sexa o primeiro en etiquetar este rexistro!
|
MARC
| LEADER | 00000nam a2200000 a 4500 | ||
|---|---|---|---|
| 001 | UCG2810 | ||
| 003 | CL-VaPUC | ||
| 008 | 100723e19870000MX |||||||||||||||||spa|d | ||
| 020 | |a 9683602398 | ||
| 082 | 0 | 4 | |a 907.2072 |b ORT |2 21 |
| 100 | |a Ortega y Medina, Juan A. |e autor |9 551433 | ||
| 245 | 1 | 0 | |a Imagología del bueno y del mal salvaje |
| 250 | |a 1a. ed | ||
| 300 | |a 149 p | ||
| 942 | |c BK | ||
| 945 | |d 20100723 00:00:00 |a mfarfan | ||
| 260 | |a Ciudad de México |b Universidad Nacional Autónoma de México |c 1987 | ||
| 650 | 0 | |a Indígenas |9 317064 | |
| 650 | 0 | |a Investigación histórica |9 344844 | |
| 650 | 0 | |a Historiografía |9 257871 | |
| 651 | 0 | |a América |9 255182 | |
| 583 | |a last modification |c 20100723 00:00:00 |k Rodrigo Vera | ||
| 999 | |c 341933 |d 341931 | ||
| 952 | |0 0 |1 0 |4 0 |6 907_207200000000000_ORT_1987 |7 0 |8 A |9 437791 |a BIBHIS |b BIBHIS |d 2019-11-22 |i 4697901 |o 907.2072 ORT 1987 |p 4697901 |r 2025-01-20 |w 2019-11-22 |y BK |k HIS | ||